Historia de la cultura dominicana /
Gardado en:
| Autor Principal: | |
|---|---|
| Formato: | Desconocido |
| Idioma: | Spanish |
| Publicado: |
Santo Domingo, República Dominicana :
Editora Imprenta Héctor Blanco Weber,
1983-
|
| Series: | Colección Antología Nuestra voz ;
número 6 |
| Materias: | |
| Etiquetas: |
Engadir etiqueta
Sen Etiquetas, Sexa o primeiro en etiquetar este rexistro!
|
MARC
| LEADER | 000000000a22000000004500 | ||
|---|---|---|---|
| 001 | 000317 | ||
| 008 | 140611b1983 dr |||f |||| 000 0dspa d | ||
| 041 | 0 | |a español | |
| 082 | 0 | |a 700.972.93 |b C679h | |
| 100 | 1 | |a Coiscou Weber, Rodolfo | |
| 245 | 1 | 0 | |a Historia de la cultura dominicana / |c Rodolfo Coiscou Weber |
| 260 | |a Santo Domingo, República Dominicana : |b Editora Imprenta Héctor Blanco Weber, |c 1983- | ||
| 300 | |a volumenes | ||
| 490 | 0 | |a Colección Antología Nuestra voz ; |v número 6 | |
| 500 | |a Número de inscripción 03351 | ||
| 505 | |t Desde sus orígenes hasta el siglo XIX (volumen 1) | ||
| 650 | 4 | |a REPUBLICA DOMINICANA | |
| 650 | 4 | |a CIVILIZACION | |
| 650 | 4 | |a CULTURA POPULAR | |
| 942 | |2 ddc |c BK | ||
| 999 | |c 1129 |d 1129 | ||
